Statistics for Speed Typing Test

Click here to take the quiz!

General Stats

  • This quiz has been taken 357 times
  • The average score is 15 of 19

Answer Stats

HintAnswer% Correct
Days Of The WeekMonday
99%
Tuesday
98%
Wednesday
96%
Thursday
95%
Friday
95%
Saturday
92%
Sunday
90%
Month Of The YearJanuary
85%
March
81%
February
78%
April
77%
May
73%
June
73%
July
66%
August
60%
September
55%
October
51%
November
47%
December
42%

Score Distribution

Percentile by Number Answered

Percent of People with Each Score

Your Score History

You have not taken this quiz